000 00291nam a22001217a 4500
082 _a910.4 INS
100 _aIBNE-E-INSHAH
_977072
245 _aNAGRI NAGRI PHERA MUSAFAR SAFAR NAMA
260 _aLAHORE
_bLAHORE ACADEMY
_c1997
300 _a240P
650 _aSAFAR NAMA
_93522
942 _cBK
999 _c582400
_d582400